MUSCLES TESTIG AND FUNCTION WITH POSTURE AND PAIN (Record no. 1327)
[ view plain ]
| 000 -LEADER | |
|---|---|
| fixed length control field | 00333nam a2200133Ia 4500 |
| 082 ## - DEWEY DECIMAL CLASSIFICATION NUMBER | |
| Classification number | 616.7404 |
| Item number | M05K |
| 100 ## - MAIN ENTRY--PERSONAL NAME | |
| Personal name | KENDALL, FLORENCE / HELLEN |
| 245 ## - TITLE STATEMENT | |
| Title | MUSCLES TESTIG AND FUNCTION WITH POSTURE AND PAIN |
| 250 ## - EDITION STATEMENT | |
| Edition statement | 1ST |
| 260 ## - PUBLICATION, DISTRIBUTION, ETC. (IMPRINT) | |
| Name of publisher, distributor, etc | LIPPINCOTT |
| Place of publication, distribution, etc | BALTIRORE |
| Year of Publication | 1992 |
| 300 ## - PAGE DESCRIPTION | |
| No. of Pages | 1-437 |
| 650 ## - SUBJECT ADDED ENTRY--TOPICAL TERM | |
| Topical term or geographic name as entry element | PHYSIOTHERAPY |
| 942 ## - ADDED ENTRY ELEMENTS (KOHA) | |
| Source of classification or shelving scheme | Dewey Decimal Classification |
| Koha item type | Books |
| Withdrawn status | Lost status | Source of classification or shelving scheme | Damaged status | Not for loan | Collection code | Home library | Current library | Shelving location | Date acquired | Vendor Name | Cost, normal purchase price | SGTU | Bill Number | Full call number | Accession No. (Barcode) | Date last seen | Bill Date | Koha item type |
|---|---|---|---|---|---|---|---|---|---|---|---|---|---|---|---|---|---|---|
| Dewey Decimal Classification | Not For Loan | MEDICAL | SGT Medical Library | SGT Medical Library | Reference Book | 07/01/2012 | AHUJA BOOK COMPANY | 4348.00 | SGTU | 2053 | 616.7404 M92K | FM4915 | 09/02/2015 | 20/09/2012 | Books |